[Event "FRA Ch"]
[Site "France"]
[Date "1991.??.??"]
[Round "9"]
[White "Hauchard, Arnaud"]
[Black "Haik, Aldo"]
[Result "1/2-1/2"]
[WhiteElo "2435"]
[BlackElo "2435"]
[PlyCount "94"]
[EventDate "1991.08.??"]
[Source "www.chesslib.no"]
[SourceDate "2004.05.04"]

1. d4 g6 2. c4 c5 3. d5 e5 4. e4 d6 5. Nc3 Bg7 6. h4 h5 7. Nf3 Bg4 8. Qa4+ Kf8 9. Nd2 Bh6 10. a3 Kg7 11. b4 Na6 12. Rb1 Nf6 13. Qc2 Bd7 14. Qd3 Ng4 15. Nd1 f5 16. f3 Nf6 17. Ne3 Qe7 18. exf5 Bxe3 19. Qxe3 gxf5 20. Be2 f4 21. Qd3 Rag8 22. Rb2 Kf7 23. Bf1 b5 24. cxb5 c4 25. Nxc4 Nc7 26. b6 Ncxd5 27. bxa7 Be6 28. b5 Qxa7 29. Nxd6+ Ke7 30. Nc4 e4 31. fxe4 Rg3 32. b6 Qb7 33. Qd4 Rd8 34. exd5 Rxd5 35. Qxf4 Rc3 36. Be2 Rf5 37. Qd6+ Kf7 38. Bd2 Qxg2 39. Qc7+ Kg6 40. Ne5+ Rxe5 41. Bxc3 Qxh1+ 42. Kd2 Rxe2+ 43. Kxe2 Qg2+ 44. Ke1 Qg1+ 45. Kd2 Qf2+ 46. Kc1 Qf1+ 47. Kd2 Qf2+ 1/2-1/2

[Event "JUG Team Ch"]
[Site "Tivat"]
[Date "1995.??.??"]
[Round "3"]
[White "Blagojevic, Dragisa"]
[Black "Kosanovic, Goran A"]
[Result "1/2-1/2"]
[WhiteElo "2470"]
[BlackElo "2395"]
[PlyCount "27"]
[EventDate "1995.??.??"]
[Source "www.chesslib.no"]
[SourceDate "2004.05.04"]

1. d4 c5 2. d5 e5 3. c4 d6 4. Nc3 Be7 5. Nf3 Bg4 6. Nd2 Nf6 7. h3 Bd7 8. e4 Na6 9. Be2 O-O 10. O-O Ne8 11. Bg4 Bg5 12. Nb3 Bxc1 13. Nxc1 Nf6 14. Bxd7 1/2-1/2

[Event "Kobanya op"]
[Site "?"]
[Date "1996.??.??"]
[Round "6"]
[White "Zimmerman Yuri"]
[Black "Okhotnik Vladimir"]
[Result "1/2-1/2"]
[WhiteElo "2445"]
[BlackElo "2415"]
[PlyCount "68"]
[EventDate "1996.??.??"]
[Source "www.chesslib.no"]
[SourceDate "2004.05.04"]

1. d4 g6 2. c4 Bg7 3. e4 c5 4. d5 e5 5. Nc3 d6 6. h4 h5 7. g3 Na6 8. Be2 Nc7 9. f4 Nh6 10. Nf3 Ng4 11. fxe5 Nxe5 12. Nxe5 Bxe5 13. Bf4 Qe7 14. Qd2 Bd7 15. Bxe5 Qxe5 16. Qf4 f6 17. Qxe5+ fxe5 18. Kd2 Ke7 19. Rhf1 Raf8 20. Ke3 a6 21. Rxf8 Rxf8 22. a3 b5 23. b4 cxb4 24. axb4 bxc4 25. Bxc4 Bg4 26. Be2 Bxe2 27. Kxe2 Rb8 28. Rb1 Nb5 29. Nxb5 Rxb5 30. Kd3 Rb8 31. Kc4 Rc8+ 32. Kd3 Rb8 33. Kc4 Rc8+ 34. Kd3 Rb8 1/2-1/2

[Event "Ljubljana"]
[Site "Ljubljana"]
[Date "1981.??.??"]
[Round "6"]
[White "Danner, Georg"]
[Black "Ostojic, Predrag"]
[Result "0-1"]
[WhiteElo "2410"]
[BlackElo "2450"]
[PlyCount "80"]
[EventDate "1981.12.??"]
[Source "ChessBase"]

1. d4 c5 2. d5 e5 3. c4 d6 4. Nc3 Be7 5. Nf3 Bg4 6. e3 f5 7. Be2 Nd7 8. h3 Bxf3 9. Bxf3 e4 10. Be2 Bf6 11. Bd2 Nh6 12. g4 O-O 13. gxf5 Qe7 14. Qc2 Rae8 15. Bh5 Nf7 16. O-O-O Bxc3 17. Bxc3 Nf6 18. Qe2 Nxh5 19. Qxh5 Ne5 20. Rhg1 Qf7 21. Qh4 Qxf5 22. Rg5 Ng6 23. Rxf5 Nxh4 24. Rxf8+ Kxf8 25. Rg1 Re7 26. Rg4 Nf3 27. Kc2 g5 28. Bf6 Rf7 29. Bd8 Ne5 30. Rxe4 Rxf2+ 31. Kc3 h6 32. b4 cxb4+ 33. Kxb4 b6 34. a4 Ke8 35. Bc7 Kd7 36. Bb8 Nd3+ 37. Kc3 Nc5 38. Rg4 a5 39. h4 h5 40. Rg1 g4 0-1

[Event "Capablanca mem-B"]
[Site "Cuba"]
[Date "1993.??.??"]
[Round "13"]
[White "Sorin, Ariel"]
[Black "Armas, Jorge"]
[Result "0-1"]
[WhiteElo "2425"]
[BlackElo "2435"]
[PlyCount "170"]
[EventDate "1993.??.??"]
[Source "ChessBase"]

1. d4 c5 2. d5 d6 3. c4 e5 4. Nc3 Be7 5. Nf3 Nd7 6. e4 Nf8 7. g3 h6 8. h4 Nh7 9. Bh3 Bxh3 10. Rxh3 Qd7 11. Qa4 Qxa4 12. Nxa4 Nhf6 13. Nd2 Bd8 14. a3 Ba5 15. f3 Bxd2+ 16. Kxd2 Kd7 17. b4 b6 18. Kd3 Ne7 19. h5 Kc7 20. Bd2 Nd7 21. Rb1 Rhf8 22. Nc3 a6 23. Na4 Rfb8 24. Rh4 Rb7 25. Kc2 Rf8 26. Rg4 Rg8 27. bxc5 bxc5 28. Ba5+ Kb8 29. Re1 f5 30. Rh4 fxe4 31. fxe4 Rf8 32. Bd2 Rf3 33. Re3 Rf2 34. Rg4 Rf7 35. Re2 Nf6 36. Rh4 Nh7 37. Rhh2 Ng8 38. Nc3 Rf3 39. Ref2 Rxg3 40. Rfg2 Rxg2 41. Rxg2 Ngf6 42. Rh2 Kc8 43. Rh1 Kd7 44. Rh2 Ke7 45. Rh1 Rb8 46. Rh2 Kf7 47. Rf2 Kg8 48. Rh2 Ng5 49. Bxg5 hxg5 50. Rg2 Nxh5 51. Rxg5 Nf4 52. Rg1 g6 53. Re1 Kg7 54. Re3 Kf6 55. Rg3 g5 56. Nd1 Ne2 57. Rh3 Nd4+ 58. Kd2 Kg6 59. a4 g4 60. Rh1 Kg5 61. Rh7 g3 62. Rg7+ Kh4 63. Rh7+ Kg4 64. Rg7+ Kf3 65. Rf7+ Kg2 66. Ne3+ Kg1 67. Rf1+ Kh2 68. Rf6 g2 69. Rh6+ Kg3 70. Rg6+ Kf3 71. Nxg2 Kxe4 72. Ne1 Rb2+ 73. Kc1 Rb4 74. Rxd6 Rxc4+ 75. Kb2 Rxa4 76. Rd8 Rb4+ 77. Kc1 Rb6 78. Nc2 Nxc2 79. Kxc2 Kd4 80. d6 a5 81. d7 Rb7 82. Kd2 e4 83. Ke2 c4 84. Kd2 Ra7 85. Kc2 a4 0-1

[Event "Mancha Real op 3rd"]
[Site "?"]
[Date "2000.07.19"]
[Round "3"]
[White "Del Rio Angelis Salvador Gabr"]
[Black "Belezky Sasha"]
[Result "1-0"]
[WhiteElo "2467"]
[BlackElo "2391"]
[PlyCount "107"]
[EventDate "2000.??.??"]
[Source "www.chesslib.no"]
[SourceDate "2004.05.04"]

1. d4 c5 2. d5 e5 3. Nc3 d6 4. e4 Be7 5. Nf3 Bg4 6. Bb5+ Nd7 7. a4 a6 8. Be2 b6 9. Nd2 Bxe2 10. Qxe2 Ngf6 11. O-O O-O 12. g3 Ne8 13. f4 Bf6 14. f5 Bg5 15. Nf3 Bxc1 16. Raxc1 Nc7 17. g4 b5 18. g5 c4 19. Nd1 Nc5 20. axb5 axb5 21. Kh1 f6 22. Rg1 Kh8 23. g6 h6 24. Nf2 Re8 25. Ng4 Re7 26. Qe3 Kg8 27. Rg3 Ra4 28. Rcg1 c3 29. Nxf6+ gxf6 30. Qxh6 Nxe4 31. g7 Nxg3+ 32. Rxg3 Ra8 33. Qh8+ Kf7 34. Qh7 Ke8 35. g8=Q+ Kd7 36. Qxd8+ Kxd8 37. Rg8+ Ne8 38. Rxe8+ Rxe8 39. bxc3 Ra1+ 40. Kg2 Rc1 41. Qg7 Rxc2+ 42. Kf1 Rxc3 43. Nd2 Rc1+ 44. Ke2 e4 45. Qxf6+ Kc7 46. Qg7+ Kb6 47. Qd7 Rcc8 48. Qxd6+ Ka7 49. Nb3 Rc2+ 50. Kd1 Rec8 51. Nd4 Rc1+ 52. Ke2 R8c3 53. Nxb5+ Ka8 54. Qa6+ 1-0

[Event "Budapest"]
[Site "Budapest"]
[Date "1988.??.??"]
[Round "?"]
[White "Zsinka, Laszlo"]
[Black "Danner, Georg"]
[Result "1-0"]
[WhiteElo "2430"]
[BlackElo "2425"]
[PlyCount "75"]
[EventDate "1988.05.??"]
[Source "ChessBase"]

1. d4 g6 2. c4 c5 3. d5 e5 4. e4 d6 5. Nc3 Bh6 6. Bxh6 Nxh6 7. Qd2 Ng8 8. O-O-O Kf8 9. g3 Kg7 10. f4 Nd7 11. Nf3 Qe7 12. Bd3 Ngf6 13. Rdf1 h6 14. Rhg1 a6 15. f5 Nh5 16. h4 Kh7 17. g4 Nf4 18. Ne2 Nxe2+ 19. Qxe2 b5 20. g5 h5 21. Nd2 Nb6 22. Qd1 bxc4 23. Be2 Bd7 24. Rf2 Ra7 25. Qf1 Bb5 26. Rg3 Rb8 27. Rgf3 Be8 28. Rg3 Qb7 29. Bxh5 c3 30. Rxc3 gxh5 31. Qd1 f6 32. gxf6 Nxd5 33. Rb3 Nb4 34. Rg2 Qb5 35. Qg1 Rbb7 36. Rg8 c4 37. f7 Nd3+ 38. Kb1 1-0

[Event "Cannes"]
[Site "Cannes"]
[Date "1986.??.??"]
[Round "6"]
[White "Kouatly, Bachar"]
[Black "Andruet, Gilles"]
[Result "1-0"]
[WhiteElo "2445"]
[BlackElo "2410"]
[PlyCount "73"]
[EventDate "1986.02.??"]
[Source "ChessBase"]

1. d4 g6 2. c4 Bg7 3. Nc3 c5 4. d5 d6 5. e4 e5 6. Be2 Ne7 7. g4 O-O 8. g5 Na6 9. h4 Nc7 10. h5 Rb8 11. Nf3 a6 12. a4 Bd7 13. Nh2 b5 14. axb5 axb5 15. cxb5 Nc8 16. hxg6 hxg6 17. Bg4 Bxb5 18. Bxc8 Rxc8 19. Nxb5 Nxb5 20. Ng4 f5 21. gxf6 Bxf6 22. Nh6+ Kg7 23. Qg4 Rh8 24. Nf5+ Kf7 25. Rxh8 Bxh8 26. Nh6+ Kg7 27. Nf5+ Kf7 28. Ne7 Kxe7 29. Bg5+ Bf6 30. Qe6+ Kf8 31. Bxf6 Nd4 32. Be7+ Qxe7 33. Qxc8+ Kg7 34. Ra8 Nf3+ 35. Kd1 Ng5 36. Qh8+ Kf7 37. Rg8 1-0

[Event "Czech Open GMA"]
[Site "Pardubice CEC"]
[Date "2007.07.28"]
[Round "9"]
[White "Wirig, A."]
[Black "Nun, Ji"]
[Result "1/2-1/2"]
[WhiteElo "2487"]
[BlackElo "2366"]
[PlyCount "83"]
[EventDate "2007.07.20"]
[Source "www.chesslib.no"]
[SourceDate "2004.05.04"]

1. d4 c5 2. d5 e5 3. c4 d6 4. Nc3 g6 5. g3 Bh6 6. e3 Nf6 7. Bg2 Na6 8. Nf3 Nc7 9. a3 Bg4 10. h3 Bxf3 11. Qxf3 Qe7 12. h4 Bg7 13. e4 h6 14. Be3 Nd7 15. h5 Nf6 16. hxg6 fxg6 17. b4 b6 18. bxc5 bxc5 19. Qe2 Rb8 20. O-O Qd7 21. Rfb1 O-O 22. Rxb8 Rxb8 23. Qc2 g5 24. Rb1 Qe8 25. Rb3 g4 26. Qb2 Rxb3 27. Qxb3 Qc8 28. Qa4 a6 29. Qc6 Qd8 30. Bd2 Nfe8 31. Na4 Bf8 32. Ba5 Qe7 33. Nb6 Qd8 34. Bf1 h5 35. Be2 Nf6 36. Na4 Nfe8 37. Kg2 Qe7 38. Nb6 Qh7 39. Bd3 Qf7 40. Be2 Qh7 41. Bd3 Qf7 42. Be2 1/2-1/2

[Event "Tuzla"]
[Site "Tuzla"]
[Date "1981.??.??"]
[Round "8"]
[White "Schussler, Harry"]
[Black "Palos, Osman"]
[Result "1-0"]
[WhiteElo "2495"]
[BlackElo "2355"]
[PlyCount "79"]
[EventDate "1981.10.??"]
[Source "ChessBase"]

1. d4 c5 2. d5 e5 3. e4 a6 4. a4 d6 5. Nf3 Be7 6. Be2 Nf6 7. Nc3 O-O 8. O-O Ne8 9. a5 b5 10. axb6 Qxb6 11. Nd2 g6 12. Nc4 Qd8 13. Bh6 Ng7 14. f4 exf4 15. Bxf4 f6 16. Na4 Ra7 17. Nxc5 f5 18. exf5 Bxf5 19. Nb3 Rc7 20. Qd2 Qc8 21. Nba5 Ne8 22. c3 Rf7 23. Ne3 Bd7 24. Bh6 Nf6 25. Qd4 Bb5 26. c4 Bd7 27. Rf2 Bf8 28. Bxf8 Qxf8 29. Raf1 Kg7 30. Ng4 Bxg4 31. Bxg4 Qd8 32. Be6 Rf8 33. g4 h6 34. h4 g5 35. hxg5 hxg5 36. Rf5 Kg6 37. Qd3 Kg7 38. Rxg5+ Kh8 39. Rxf6 Qxf6 40. Rh5+ 1-0